| 000 | 00554nam a2200181Ia 4500 | ||
|---|---|---|---|
| 008 | 100920s9999 xx 000 0 und d | ||
| 082 |
_b77475 _a24 थ 39 |
||
| 100 | _aबेडेकर विश्राम. | ||
| 245 | _aरणांगण. | ||
| 260 |
_bदेशमुख आणि कंपनी पब्लिशर्स ,पुणे. _c1939 |
||
| 300 |
_a104 _bसाधी |
||
| 365 | _b100 | ||
| 520 | _aसायो. | ||
| 630 | _aरणांगण. | ||
| 650 | _aसायो. | ||
| 730 | _aरणांगण. | ||
| 942 | _cBOOK | ||
| 999 |
_c718757 _d718754 |
||